व्यावसायिक हिंदी / (Record no. 50119)

MARC details
000 -LEADER
fixed length control field 01120nam a22002537a 4500
005 - DATE AND TIME OF LATEST TRANSACTION
control field 20110127111440.0
008 - FIXED-LENGTH DATA ELEMENTS--GENERAL INFORMATION
fixed length control field 110127t xxu||||| |||| 00| 0 hin d
010 ## - LCCN (DPL NO)
LC control number HIN-91631
020 ## - INTERNATIONAL STANDARD BOOK NUMBER
International Standard Book Number 9789350004609
Terms of availability 300.00
035 ## - SYSTEM CONTROL NUMBER
System control number HN-63977
037 ## - SOURCE OF ACQUISITION
Source of stock number/acquisition DBAD / PUB
040 ## - CATALOGING SOURCE
Original cataloging agency DPL
Language of cataloging HN
082 ## - DEWEY DECIMAL CLASSIFICATION NUMBER
Classification number 425
100 ## - MAIN ENTRY--PERSONAL NAME
Personal name पांडेय, राजेंद्र कुमार
9 (RLIN) 25632
245 ## - TITLE STATEMENT
Title व्यावसायिक हिंदी /
Statement of responsibility, etc राजेंद्र कुमार पांडेय
246 ## - VARYING FORM OF TITLE
Title proper/short title Vyavsatik Hindi
Remainder of title by Rajendra Kumar Pandey
260 ## - PUBLICATION, DISTRIBUTION, ETC. (IMPRINT)
Place of publication, distribution, etc नई दिल्ली
Name of publisher, distributor, etc वाणी प्रकाशन
Date of publication, distribution, etc 2010
270 ## - ADDRESS
Address 4695, 21-ए, दरियागंज
City नई दिल्ली
Postal code 110002
300 ## - PHYSICAL DESCRIPTION
Extent 171पृ.
Dimensions 22सेमी (सजिल्द)
650 ## - SUBJECT ADDED ENTRY--TOPICAL TERM
9 (RLIN) 657
Topical term or geographic name as entry element हिन्दी व्याकरण
Topical term following geographic name as entry element hindi veakaran
700 ## - ADDED ENTRY--PERSONAL NAME
9 (RLIN) 25634
942 ## - ADDED ENTRY ELEMENTS (KOHA)
Source of classification or shelving scheme Dewey Decimal Classification
Item type Hindi Books
Classification part 425
Call number suffix पांडेय
Holdings
Withdrawn status Lost status Source of classification or shelving scheme Damaged status Not for loan Collection code Home library Current library Date acquired Source of acquisition Cost, normal purchase price Total Checkouts Full call number Barcode Date last seen Copy number Cost, replacement price Koha item type
    Dewey Decimal Classification   Not For Loan Non-fiction D.B.Act.Division D.B.Act.Division 27/01/2011 DBAD /PUB] 300.00   425 पांडेय HN-63977 27/01/2011 1 300.00 Hindi Books

© Delhi Public Library
Hit Counter
free hit counter